| 000 | 00000nam##2200000za#4500 |
| 001 | 9.600742 |
| 003 | CaOODSP |
| 005 | 20210624205731 |
| 007 | cr ||||||||||| |
| 008 | 150406|1995||||xxc|||||o f|0| 0 fre|d |
| 040 | |aCaOODSP|bfre |
| 043 | |an-cn--- |
| 086 | 1 |aNH18-1-2/67-1995F-PDF |
| 110 | 2 |aSociété canadienne d'hypothèques et de logement. |
| 245 | 13|aLe paysage de l'intérieur ou expressions paysagères résidentielles dans l'île de Montréal / |h[ressource électronique]|cpar Danièle Routaboule, Vincent Asselin et Catherine Eveillard. |
| 260 | |aOttawa - Ontario : |bSociété canadienne d'hypothèques et de logement |cOctobre 1995. |
| 300 | |a250p.|bfigures, cartes, photographies |
| 490 | 1 |aRapport de recherche |
| 504 | |aBibliographie. |
| 546 | |a(Summary in English.) |
| 590 | |a11-25-Supp|b2011-10-31 |
| 720 | 1 |aRoutaboule, Danièle |
| 720 | 1 |aAsselin, Vincent |
| 720 | 1 |aEveillard, Catherine |
| 830 | #0|aResearch report (Société canadienne d'hypothèques et de logement : En ligne)|w(CaOODSP)9.502470 |
| 856 | 40|ahttp://publications.gc.ca|qPDF|s6.38 Mo|uhttps://publications.gc.ca/collections/collection_2011/schl-cmhc/nh18-1-2/NH18-1-2-67-1995-fra.pdf |